00583nam a2200133 a 450000100100000000500170001000800410002704000250006810000300009324501560012326000520027950000760033150000420040700002623020200930024419.0110307s1959 dr 000 0 spa d aDO-SdBNPbspacBNPHU1 aComprés Pérez, Rafael13aLa República Dominicana y España :buna misma religión, una misma cultura y un destino común; mensajes y discursos /cRafael Comprés Pérez. aMadrid :bEditora Taller Gráfico Cies,c1959. aMensaje y discursos del excelentísimo Sr. D. Rafael Comprés Pérez aIncluye notas al pie de las páginas